00921cam a22002777a 450000500170000000800410001701000100005801100100006803500100007808200170008811000080010524500840011326000230019730000270022049000350024759000410028259000410032359000410036459000420040565000340044765000330048183000420051490100070055694900630056399900170062620220817043109.0971010s1986 r 00010 d a65544 a66516 a74751 a631.582bF3Y aFAO 0aSistemas mejorados de producción como alternativa a la agricultura migratoria aRoma :bFAO,c1986 a218 p.b: ilus.; mapas 0aFAO. Boletín de suelosv; 53 aBATCH-UPDb10c20130110lUCH01h1034 aBATCH-UPDb10c20130410lUCH01h0636 aBATCH-UPDb10c20130913lUCH01h2346 aCONVERSIONb10c20130109lUCH01h133614aAgricultura migratoria.9200414aSistemas de cultivo.91067460 aFAO. Boletín de suelosv; 53939455 aBK a631.582 F3ybScLIBROd-7649eLIBROh3743i74751sit58.50 c65544d65544